01958cam a22003375i 4500999001700000003000900017005001700026008004100043017001500084020001500099040004300114082002400157100006500181245014000246250003300386264007400419300004200493336002600535337003500561338002900596500059200625504006301217505004501280650004401325650005201369650003901421651001001460653001701470942001201487952012101499 c14359d14359EG-ScBUE20200122101027.0200121s1998 ua g b 000 pcara d a98 / 14029 a9775067243 aEG-ScBUEbaraerdacEG-ScBUEdEG-ScBUE04a809.1bم ك ا2221 aمكاوي، عبد الغفار،d1930-2012،eمؤلف.10aثورة الشعر الحديث :bمن بودلير إلى العصر الحاضر/cالدكتور عبد الغفار مكاوي. aالطبعة الثانية. 1aالقاهرة :bأبوللو للنشر والتوزيع،c1998. aالمجلد الأول ؛c24 سم aنصbtxt2rdacontent aبدون وسيطbn2rdamedia aمجلدbnc2rdacarrier a"يعتمد هذا الكتاب اعتمادا كبيرا على كتاب الأستاذ هوجو فريدريش (بناء الشعر الحديث، من بودلير إلى العصر الحاضر)، هامبورج، دار نشر روفولت، الطبعة الأولى سنة 1958-1956. وقد صدرت منه طبعة ثانية في سنة 1968. لا تختلف كثيرا عن هذه الطبعة وعنوانه "Hugo Friedrich' Die Struktur der rmodernen Lyrik. Von Baudelaire bis zur Gegenwart. Hamburg, Rowohlt, 1958.216s. Neuausgabe, 1968".-- خلف صفحة عنوان. aيشتمل على إرجاعات ببليوجرافية.2 aالجزء الأول. الدراسة. 7aالشعرxتاريخ ونقد.2BUEsh 7aالشعرvدواوين وقصائد.2BUEsh 7aالشعراءvتراجم.2BUEsh 2BUEsh bARALITbGGEN 2ddccBB 00102ddc40708Alef-BaaaMAINbMAINc2NDd2010-07-04ePurchaseo809.1 م ك اp000021300r2025-07-15 00:00:00yBB